| 000 | 00655nam a2200205 a 4500 | ||
|---|---|---|---|
| 001 | 000008934 | ||
| 005 | 20240412074208.0 | ||
| 008 | 090921s19uu dr 000 0 spa d | ||
| 040 | _aDO-SdBNP | ||
| 082 |
_aRD861.42 _bB516l |
||
| 100 | 1 |
_a Bermúdez, Federico, _d1884-1921 _923672 |
|
| 245 | 1 | 4 |
_aLas liras del silencio / _cFederico Bermúdez ; prólogo J. B. Peynado. |
| 260 |
_a[Santo Domingo : _bs. n., _c192?]. |
||
| 300 |
_a96 p. ; _c24 cm. |
||
| 590 | _aInventariado, 2019/VM | ||
| 650 | 0 |
_aPoesía dominicana _966 |
|
| 650 | 0 |
_aLiteratura dominicana. _967 |
|
| 700 | 1 |
_aPeynado, J. B. _epról. _923516 |
|
| 910 | _aValidado. Control de calidad BNPHU | ||
| 999 |
_c8700 _d8700 |
||